• 首页
  • 本馆介绍
  • 公告通知
  • 最新文献
  • 馆藏检索
  • 电子资源
  • 读者导购
  • 参考咨询
  • 我的图书馆
  • 登录
  • 详细信息显示
  • 放入我的书架
  • 预约/预借图书
  • 作者相关作品
  • 分类相关作品
  • 丛书相关作品
  • 出版社相关作品

书目信息

  • 表格格式
  • 工作单格式
  • 卡片格式
题名:
高情商谈判术
    
 
作者: 高发韧 编著
分册:  
出版信息: 成都   成都地图出版社  2020
页数: 150页
开本: 21cm
丛书名:
单 册:
中图分类: C912.35-49 , C912.35
科图分类:
主题词: 谈判学--通俗读物
电子资源:
ISBN: 978-7-5557-1335-7
000 00783nam0 2200241 450
001 2369001055
005 20231102191030.66
010    @a978-7-5557-1335-7@dCNY36.00
100    @a20201210d2020 em y0chiy0150 ea
101 0  @achi
102    @acn@b510000
105    @aa z 000yy
200 1  @a高情商谈判术@9gao qing shang tan pan shu@e如何升级你的博弈力@f高发韧编著
210    @a成都@c成都地图出版社@d2020
215    @a150页@c图@d21cm
300    @a掌控谈话 心理博弈
330    @a本书通过大量案例以及经验总结,来帮助读者迅速掌握实用性、操作性强的谈判技巧,升级自身的博弈力,使自己成为谈判高手。
606 0  @a谈判学@j通俗读物
690    @aC912.35-49@v5
690    @aC912.35@v4
701  0 @a高发韧@9gao fa ren@4编著
801  0 @aCN@b91MARC@c20210121
905    @aBZT@dC912.35@e16
    
    高情商谈判术:如何升级你的博弈力/高发韧编著.-成都:成都地图出版社,2020
    150页:图;21cm
    掌控谈话 心理博弈
    
    ISBN 978-7-5557-1335-7:CNY36.00
    本书通过大量案例以及经验总结,来帮助读者迅速掌握实用性、操作性强的谈判技巧,升级自身的博弈力,使自己成为谈判高手。
●
相关链接 在五车中查询图书 在当当中查询图书 在豆瓣中查询图书


正题名:高情商谈判术     索取号:C912.35/16         预约/预借

序号 登录号 条形码 馆藏地/架位号 状态 备注
1 2000977668   2000977668   中教、安徽混合/山东中教(第一批)/150/ [索取号:C912.35/16] 在馆    
2 2000977669   2000977669   中教、安徽混合/山东中教(第一批)/150/ [索取号:C912.35/16] 在馆    
3 2000977670   2000977670   中教、安徽混合/山东中教(第一批)/150/ [索取号:C912.35/16] 在馆    
4 2000977671   2000977671   中教、安徽混合/山东中教(第一批)/150/ [索取号:C912.35/16] 在馆    
5 2000977672   2000977672   中教、安徽混合/山东中教(第一批)/150/ [索取号:C912.35/16] 在馆    
6 2000977673   2000977673   中教、安徽混合/山东中教(第一批)/150/ [索取号:C912.35/16] 在馆    
山东省滨州职业学院图书馆 欢迎您!
大连网信软件有限公司© 版权所有